[Event "BCF-chT2a 1617 (4NCL)"]
[Site "England"]
[Date "2017.01.15"]
[Round "4.23"]
[White "Savory, Richard J"]
[Black "Willson, Ollie"]
[Result "1/2-1/2"]
[WhiteElo "2088"]
[BlackElo "2039"]
[PlyCount "97"]
[EventDate "2016.11.19"]
[EventType "team-tourn"]
[EventRounds "11"]
[EventCountry "ENG"]
[SourceTitle "EXT 2019"]
[Source "ChessBase"]
[SourceDate "2018.10.10"]
[SourceVersion "1"]
[SourceVersionDate "2018.10.10"]
[SourceQuality "1"]
[WhiteTeam "Downend & Fishponds"]
[BlackTeam "Sussex Martlets"]
[WhiteTeamCountry "ENG"]
[BlackTeamCountry "ENG"]

1. e4 c5 2. Nf3 d6 3. Bb5+ Bd7 4. Bxd7+ Qxd7 5. 0-0 Nc6 6. c3 Nf6 7. Re1 e6 8. d4 d5 9. exd5 Qxd5 10. Qa4 Qd7 11. dxc5 Bxc5 12. Bg5 Be7 13. Nbd2 0-0 14. Rad1 Qc7 15. Bf4 Qa5 16. Qb3 Qa6 17. Nc4 Nd5 18. Bg3 Rfd8 19. Nfe5 Nxe5 20. Nxe5 Rac8 21. Re4 Qb6 22. Qxb6 Nxb6 23. Red4 Rxd4 24. Rxd4 f6 25. Nf3 e5 26. Rd1 Kf7 27. Kf1 Ke6 28. Ke2 Na4 29. Rd2 Rd8 30. Rc2 Rc8 31. Nd2 b5 32. f4 b4 33. c4 Nc5 34. fxe5 fxe5 35. Nf3 Bf6 36. Ke3 a5 37. b3 Rd8 38. Rd2 Rxd2 39. Nxd2 Kf5 40. Nf3 a4 41. Be1 axb3 42. axb3 Nxb3 43. Bxb4 e4 44. g4+ Kxg4 45. Kxe4 Bd8 46. Bd6 Na5 47. Ne5+ Kh3 48. c5 Nb7 49. Nf7 1/2-1/2

[Event "BCF-chT2b 1516 (4NCL)"]
[Site "England"]
[Date "2016.03.19"]
[Round "7.7"]
[White "Cenal Gutierrez, Ruben"]
[Black "Savory, Richard J"]
[Result "1-0"]
[WhiteElo "2260"]
[BlackElo "2087"]
[PlyCount "47"]
[EventDate "2015.11.14"]
[EventType "team-tourn"]
[EventRounds "7"]
[EventCountry "ENG"]
[SourceTitle "EXT 2017"]
[Source "ChessBase"]
[SourceDate "2016.10.25"]
[SourceVersion "1"]
[SourceVersionDate "2016.10.25"]
[SourceQuality "1"]
[WhiteTeam "Hackney"]
[BlackTeam "Downend & Fishponds"]
[WhiteTeamCountry "ENG"]
[BlackTeamCountry "ENG"]

1. e4 c5 2. Nf3 d6 3. d4 cxd4 4. Nxd4 Nf6 5. Nc3 a6 6. h3 e5 7. Nde2 Be6 8. g4 d5 9. exd5 Nxd5 10. Bg2 Nxc3 11. Qxd8+ Kxd8 12. Nxc3 Nc6 13. Be3 Ke8 14. 0-0-0 Rd8 15. Nd5 Bd6 16. Rhe1 f6 17. Bb6 Rd7 18. f4 Ne7 19. Nc3 Nc8 20. Bf2 Ke7 21. Ne4 exf4 22. Nxd6 Rxd6 23. Bc5 Rhd8 24. Bxd6+ 1-0

[Event "BCF-chT3 1415 (4NCL)"]
[Site "England"]
[Date "2015.03.21"]
[Round "7.67"]
[White "McEwan, Ken B"]
[Black "Savory, Richard J"]
[Result "0-1"]
[WhiteElo "2088"]
[BlackElo "2116"]
[PlyCount "54"]
[EventDate "2015.03.21"]
[EventType "team-swiss"]
[EventRounds "11"]
[EventCountry "ENG"]
[SourceTitle "EXT 2016"]
[Source "ChessBase"]
[SourceDate "2015.10.08"]
[SourceVersion "1"]
[SourceVersionDate "2015.10.08"]
[SourceQuality "1"]
[WhiteTeam "Broadland Bitterns"]
[BlackTeam "Downend & Fishponds"]
[WhiteTeamCountry "ENG"]
[BlackTeamCountry "ENG"]

1. d4 d5 2. Bf4 Nf6 3. e3 c6 4. c4 e6 5. Nf3 Nbd7 6. Nc3 Be7 7. h3 0-0 8. Rc1 Ne8 9. Bd3 Nd6 10. c5 Nf5 11. g4 Nh4 12. Nxh4 Bxh4 13. g5 Bxg5 14. Qh5 h6 15. Bd6 g6 16. Qg4 e5 17. Bxf8 Nxf8 18. Qe2 exd4 19. Nd1 dxe3 20. fxe3 Bh4+ 21. Kd2 Qa5+ 22. Nc3 Qxc5 23. Kc2 Bg5 24. Rce1 Bd7 25. Kb1 Re8 26. Nd1 d4 27. e4 Qc1# 0-1

[Event "BCF-chT3S 1415 (4NCL)"]
[Site "England"]
[Date "2015.02.14"]
[Round "5.67"]
[White "Taylor, Adam A"]
[Black "Savory, Richard J"]
[Result "1/2-1/2"]
[WhiteElo "2070"]
[BlackElo "2116"]
[PlyCount "90"]
[EventDate "2014.11.15"]
[EventType "team-swiss"]
[EventRounds "6"]
[EventCountry "ENG"]
[SourceTitle "EXT 2016"]
[Source "ChessBase"]
[SourceDate "2015.10.08"]
[SourceVersion "1"]
[SourceVersionDate "2015.10.08"]
[SourceQuality "1"]
[WhiteTeam "e2e4.org.uk II"]
[BlackTeam "Downend & Fishponds"]
[WhiteTeamCountry "ENG"]
[BlackTeamCountry "ENG"]

1. Nf3 c5 2. c4 Nc6 3. d4 cxd4 4. Nxd4 Nf6 5. Nc3 e6 6. Ndb5 d6 7. g3 a6 8. Nd4 Nxd4 9. Qxd4 Bd7 10. Bg2 Bc6 11. 0-0 Be7 12. b3 0-0 13. Bb2 Rc8 14. Rad1 Qc7 15. Qf4 Rfd8 16. e3 d5 17. Qxc7 Rxc7 18. cxd5 Nxd5 19. Nxd5 Bxd5 20. Bxd5 Rxd5 21. Rxd5 exd5 22. Rd1 Rc2 23. Be5 f6 24. Bf4 Rxa2 25. Rxd5 b5 26. h4 Ra3 27. Bd6 Bxd6 28. Rxd6 a5 29. Ra6 Kf7 30. Kg2 h5 31. Kf3 Kg6 32. Ke2 Kf5 33. f3 Ke5 34. Ra7 g6 35. g4 Rxb3 36. gxh5 gxh5 37. Rxa5 f5 38. Ra8 Rb2+ 39. Kd3 Rb3+ 40. Kd2 Kd5 41. Rf8 Rb2+ 42. Kd3 Rb3+ 43. Kd2 Ke5 44. Rh8 Rb2+ 45. Kd3 Rb3+ 1/2-1/2

[Event "GBR-ch Major 98th"]
[Site "Sheffield"]
[Date "2011.07.27"]
[Round "4"]
[White "Weller, Pierre"]
[Black "Savory, Richard J"]
[Result "1/2-1/2"]
[WhiteElo "1904"]
[BlackElo "2123"]
[PlyCount "34"]
[EventDate "2011.07.25"]
[EventType "swiss"]
[EventRounds "11"]
[EventCountry "ENG"]
[SourceTitle "EXT 2012"]
[Source "ChessBase"]
[SourceDate "2011.11.24"]
[SourceVersion "1"]
[SourceVersionDate "2011.11.24"]
[SourceQuality "1"]

1. d4 d5 2. c4 c6 3. Nf3 Nf6 4. e3 e6 5. Bd3 Nbd7 6. Nbd2 Bd6 7. e4 dxe4 8. Nxe4 Nxe4 9. Bxe4 e5 10. 0-0 0-0 11. Qc2 h6 12. c5 Be7 13. b4 exd4 14. Nxd4 Nf6 15. Rd1 Nxe4 16. Qxe4 Bf6 17. Bf4 Re8 1/2-1/2

[Event "Gibraltar Masters"]
[Site "Gibraltar"]
[Date "2007.01.27"]
[Round "5"]
[White "Savory, Richard J"]
[Black "Klokas, Konstantinos"]
[Result "0-1"]
[WhiteElo "2119"]
[BlackElo "2231"]
[PlyCount "98"]
[EventDate "2007.01.23"]
[EventType "swiss"]
[EventRounds "9"]
[EventCountry "ENG"]
[SourceTitle "CBM 116 Extra"]
[Source "ChessBase"]
[SourceDate "2007.03.07"]
[SourceVersion "1"]
[SourceVersionDate "2007.03.07"]
[SourceQuality "1"]

1. e4 c5 2. Nf3 Nc6 3. d4 cxd4 4. Nxd4 Nf6 5. Nc3 e5 6. Ndb5 d6 7. Bg5 a6 8. Na3 b5 9. Nd5 Be7 10. Bxf6 Bxf6 11. c3 Ne7 12. Nxf6+ gxf6 13. Qd2 Bb7 14. 0-0-0 Bxe4 15. Qxd6 Qxd6 16. Rxd6 f5 17. f3 Bc6 18. Be2 Rg8 19. g3 Rg6 20. Rhd1 f4 21. gxf4 exf4 22. Nc2 Nf5 23. Rxg6 hxg6 24. Nd4 Ne7 25. Nxc6 Nxc6 26. Rd6 Rc8 27. a4 Ke7 28. Rd2 bxa4 29. Bxa6 Rh8 30. Bb5 Ne5 31. Re2 Kd6 32. Rd2+ Kc5 33. Bxa4 Nxf3 34. Rf2 Ne5 35. b4+ Kc4 36. Kc2 g5 37. Bb3+ Kb5 38. Kd2 f6 39. Bd1 Nc4+ 40. Ke1 Rh3 41. Rf3 Rxh2 42. Be2 Rh8 43. Kf2 Rc8 44. Rh3 Ka4 45. Rh6 Nd2 46. Bd1+ Ka3 47. Ke1 Ne4 48. Bf3 Rxc3 49. Bxe4 Re3+ 0-1

[Event "Gibraltar Masters"]
[Site "Gibraltar"]
[Date "2007.01.25"]
[Round "3"]
[White "Savory, Richard J"]
[Black "Klinova, Masha"]
[Result "0-1"]
[WhiteElo "2119"]
[BlackElo "2330"]
[PlyCount "64"]
[EventDate "2007.01.23"]
[EventType "swiss"]
[EventRounds "9"]
[EventCountry "ENG"]
[SourceTitle "CBM 116 Extra"]
[Source "ChessBase"]
[SourceDate "2007.03.07"]
[SourceVersion "1"]
[SourceVersionDate "2007.03.07"]
[SourceQuality "1"]

1. e4 g6 2. d4 c6 3. Nc3 Bg7 4. Be3 d6 5. h3 Nd7 6. Nf3 b5 7. a3 a6 8. Be2 Bb7 9. 0-0 Qc7 10. Nd2 Ngf6 11. f4 c5 12. dxc5 Nxc5 13. Bf3 0-0 14. g4 Nfd7 15. Qe1 e6 16. f5 Rfe8 17. Qf2 Ne5 18. Bg2 Rac8 19. f6 Bh8 20. Rad1 Qc6 21. g5 a5 22. Ne2 Ba6 23. Nd4 Qb7 24. Rb1 Na4 25. Rfd1 Red8 26. Bf4 Qc7 27. Bf1 Rb8 28. Qg3 Nc4 29. Bxc4 bxc4 30. Ne2 Nxb2 31. Rdc1 e5 32. Be3 c3 0-1

[Event "Monarch Assurance 15th"]
[Site "Port Erin"]
[Date "2006.09.29"]
[Round "7"]
[White "Mannion, Stephen R"]
[Black "Savory, Richard J"]
[Result "1-0"]
[WhiteElo "2346"]
[BlackElo "2101"]
[PlyCount "115"]
[EventDate "2006.09.23"]
[EventType "swiss"]
[EventRounds "9"]
[EventCountry "IOM"]
[SourceTitle "CBM 114 Extra"]
[Source "ChessBase"]
[SourceDate "2006.11.03"]
[SourceVersion "1"]
[SourceVersionDate "2006.11.03"]
[SourceQuality "1"]

1. e4 c5 2. Nf3 d6 3. d4 cxd4 4. Nxd4 Nf6 5. Nc3 a6 6. f4 e6 7. Be2 Be7 8. a4 Qc7 9. 0-0 0-0 10. Be3 Nc6 11. Kh1 Re8 12. Bf3 Nxd4 13. Qxd4 e5 14. Qd2 exf4 15. Bxf4 Be6 16. Rfd1 Rad8 17. a5 Ng4 18. Bxg4 Bxg4 19. Nd5 Qd7 20. Re1 Be6 21. Nb6 Qb5 22. b3 Bf6 23. Rab1 Be5 24. Bg5 f6 25. c4 Qc6 26. Bh4 g5 27. Bf2 Rf8 28. Bd4 h6 29. b4 Qe8 30. Rf1 Qh5 31. Bxe5 dxe5 32. Nd5 Kg7 33. b5 Qg4 34. bxa6 Bxd5 35. cxd5 bxa6 36. Rb7+ Rf7 37. Rxf7+ Kxf7 38. Qd3 Qc8 39. Qf3 Rd6 40. Rb1 Qc7 41. Qa3 Qc2 42. Rc1 Qd2 43. Qc5 Kg6 44. Qc8 Rd8 45. Qf5+ Kh5 46. Rf1 Qe2 47. Qxf6 Rc8 48. Qf7+ Kh4 49. Qf5 Rc3 50. Rg1 Re3 51. d6 Rd3 52. d7 Kh5 53. Qf7+ Kh4 54. Qc4 Qe3 55. Qxa6 Qxe4 56. Qxh6+ Kg4 57. Qe6+ Kh4 58. d8Q 1-0

[Event "Monarch Assurance 15th"]
[Site "Port Erin"]
[Date "2006.09.26"]
[Round "4"]
[White "Savory, Richard J"]
[Black "De Lagontrie, Jean"]
[Result "1/2-1/2"]
[WhiteElo "2101"]
[BlackElo "1974"]
[PlyCount "81"]
[EventDate "2006.09.23"]
[EventType "swiss"]
[EventRounds "9"]
[EventCountry "IOM"]
[SourceTitle "CBM 114 Extra"]
[Source "ChessBase"]
[SourceDate "2006.11.03"]
[SourceVersion "1"]
[SourceVersionDate "2006.11.03"]
[SourceQuality "1"]

1. e4 e6 2. Nf3 d5 3. e5 c5 4. b4 cxb4 5. a3 d4 6. Bb2 Nc6 7. Bb5 Bd7 8. 0-0 bxa3 9. Bxa3 Bxa3 10. Rxa3 Nge7 11. Re1 a6 12. Bf1 Ng6 13. Rd3 Nf4 14. Rb3 Qc7 15. Na3 0-0 16. Re4 Ng6 17. Qe2 b5 18. h4 f5 19. exf6 gxf6 20. Nxd4 Nxd4 21. Rxd4 e5 22. Rdb4 Be6 23. Rg3 Kh8 24. c4 bxc4 25. Nxc4 a5 26. Ra4 Nf4 27. Qe4 Bd5 28. Qf5 Be6 29. Qe4 Bd5 30. Qf5 Be6 31. Qc2 Bd7 32. Raa3 a4 33. Rac3 Nd5 34. Rcf3 Rac8 35. Qb2 Rb8 36. Qa1 Bc6 37. Ra3 Rb4 38. Ne3 Nf4 39. Qd1 Bd7 40. Ra1 Qb7 41. Bc4 1/2-1/2

[Event "Monarch Assurance 15th"]
[Site "Port Erin"]
[Date "2006.09.24"]
[Round "2"]
[White "Savory, Richard J"]
[Black "Zimmerman, Yuri"]
[Result "1/2-1/2"]
[WhiteElo "2101"]
[BlackElo "2374"]
[PlyCount "57"]
[EventDate "2006.09.23"]
[EventType "swiss"]
[EventRounds "9"]
[EventCountry "IOM"]
[SourceTitle "CBM 114 Extra"]
[Source "ChessBase"]
[SourceDate "2006.11.03"]
[SourceVersion "1"]
[SourceVersionDate "2006.11.03"]
[SourceQuality "1"]

1. e4 d6 2. d4 Nf6 3. Nc3 g6 4. Be3 c6 5. h3 Nbd7 6. f4 b5 7. a3 Bb7 8. e5 Nd5 9. Nxd5 cxd5 10. Qd2 a6 11. Bd3 dxe5 12. fxe5 f6 13. Nf3 Bg7 14. 0-0 0-0 15. Bh6 fxe5 16. Bxg7 Kxg7 17. Nxe5 Nxe5 18. Rxf8 Kxf8 19. dxe5 Qb6+ 20. Kh1 Kg7 21. Qg5 Qe6 22. Rf1 Rf8 23. Rxf8 Kxf8 24. Qf4+ Kg7 25. Qd4 Kg8 26. Be2 Qc6 27. c3 Bc8 28. Bf3 Be6 29. Kg1 1/2-1/2

[Event "BCF-chT3 0607 (4NCL)"]
[Site "Sunningdale"]
[Date "2006.09.17"]
[Round "2.5"]
[White "Hamblin, David J"]
[Black "Savory, Richard J"]
[Result "1/2-1/2"]
[WhiteElo "2070"]
[BlackElo "2106"]
[PlyCount "152"]
[EventDate "2006.09.16"]
[EventType "team"]
[EventRounds "11"]
[EventCountry "ENG"]
[SourceTitle "CBM 115 Extra"]
[Source "ChessBase"]
[SourceDate "2007.01.10"]
[SourceVersion "1"]
[SourceVersionDate "2007.01.10"]
[SourceQuality "1"]
[WhiteTeam "Cheddleton"]
[BlackTeam "NW Eagles II"]
[WhiteTeamCountry "ENG"]
[BlackTeamCountry "ENG"]

1. d4 d5 2. c4 c6 3. Nc3 Nf6 4. e3 Bf5 5. cxd5 cxd5 6. Qb3 Qd7 7. Nf3 Nc6 8. Ne5 Qc7 9. Nxd5 Nxd5 10. Qxd5 e6 11. Qb5 a6 12. Qa4 Bb4+ 13. Bd2 Bxd2+ 14. Kxd2 0-0 15. Rc1 Qb6 16. Nd3 Rfd8 17. f3 e5 18. b3 Rd5 19. Qc4 Rad8 20. Kd1 Be6 21. Qc2 Nxd4 22. exd4 Rxd4 23. Ke1 Bf5 24. Qc5 Qh6 25. Kf2 Qd2+ 26. Be2 Bxd3 27. Qxe5 Bxe2 28. Qxe2 Qxe2+ 29. Kxe2 Rd2+ 30. Ke3 Rxa2 31. Rhd1 Re8+ 32. Kf4 Rxg2 33. h4 Rg6 34. Rc7 Rf6+ 35. Kg4 h6 36. Rxb7 g6 37. Rd3 Kg7 38. Ra7 Re5 39. b4 Re1 40. Ra3 h5+ 41. Kg3 Ree6 42. Ra8 Rb6 43. Ra4 Rfd6 44. Ra7 Kf6 45. Ra5 Ke6 46. Ra8 Rdc6 47. Ra7 Kf6 48. Ra8 Kg7 49. Ra4 Kf6 50. Ra5 Ke6 51. Ra7 f5 52. Ra8 Kf6 53. Ra7 g5 54. hxg5+ Kxg5 55. Rg7+ Kf6 56. Ra7 Rxb4 57. R7xa6 h4+ 58. Kh3 Rxa6 59. Rxa6+ Kg5 60. Ra8 Kf4 61. Kxh4 Kxf3+ 62. Kh3 Re4 63. Ra3+ Re3 64. Ra4 f4 65. Kh2 Re2+ 66. Kh3 Re4 67. Ra2 Re1 68. Ra3+ Re3 69. Ra2 Rd3 70. Rb2 Ke4+ 71. Kg2 Ke3 72. Ra2 Rb3 73. Rc2 Rb8 74. Rc3+ Ke2 75. Rc2+ Kd3 76. Ra2 Ke3 1/2-1/2

[Event "EU Union-ch"]
[Site "Liverpool"]
[Date "2006.09.09"]
[Round "4"]
[White "Savory, Richard J"]
[Black "Britton, Richard"]
[Result "1/2-1/2"]
[WhiteElo "2101"]
[BlackElo "2288"]
[PlyCount "39"]
[EventDate "2006.09.06"]
[EventType "swiss"]
[EventRounds "10"]
[EventCountry "ENG"]
[SourceTitle "CBM 114 Extra"]
[Source "ChessBase"]
[SourceDate "2006.11.03"]
[SourceVersion "1"]
[SourceVersionDate "2006.11.03"]
[SourceQuality "1"]

1. e4 c5 2. Nf3 d6 3. d4 cxd4 4. Nxd4 Nf6 5. Nc3 a6 6. Be2 e5 7. Nb3 Be7 8. 0-0 0-0 9. Be3 Be6 10. Qd2 Nbd7 11. a4 Rc8 12. a5 Qc7 13. Rfd1 Rfd8 14. Qe1 h6 15. Rd2 Qc6 16. Bf3 Re8 17. Nd5 Bxd5 18. exd5 Qc4 19. Be2 Qb4 20. Qd1 1/2-1/2

[Event "EU Union-ch"]
[Site "Liverpool"]
[Date "2006.09.07"]
[Round "2"]
[White "Savory, Richard J"]
[Black "Gormally, Daniel"]
[Result "0-1"]
[WhiteElo "2101"]
[BlackElo "2513"]
[PlyCount "70"]
[EventDate "2006.09.06"]
[EventType "swiss"]
[EventRounds "10"]
[EventCountry "ENG"]
[SourceTitle "CBM 114 Extra"]
[Source "ChessBase"]
[SourceDate "2006.11.03"]
[SourceVersion "1"]
[SourceVersionDate "2006.11.03"]
[SourceQuality "1"]

1. e4 c5 2. Nf3 Nc6 3. d4 cxd4 4. Nxd4 Nf6 5. Nc3 e5 6. Ndb5 d6 7. Bg5 a6 8. Na3 b5 9. Nd5 Be7 10. Bxf6 Bxf6 11. Bd3 0-0 12. 0-0 Bg5 13. c3 Rb8 14. Nc2 a5 15. Qe2 Na7 16. Nce3 Be6 17. a4 bxa4 18. Rxa4 Bxe3 19. fxe3 Nc6 20. Bb5 Bxd5 21. exd5 Ne7 22. Bc4 Qb6 23. b4 axb4 24. cxb4 Ra8 25. Rfa1 Rxa4 26. Rxa4 f5 27. Qf2 Ng6 28. Bf1 e4 29. Qd2 Ne5 30. Qd4 Qd8 31. Ra7 Qg5 32. Qc3 f4 33. b5 fxe3 34. b6 Rxf1+ 35. Kxf1 Qf4+ 0-1

[Event "BCF-chT2 0405 (4NCL)"]
[Site "West Bromwich"]
[Date "2005.05.01"]
[Round "10.6"]
[White "Zeidler, Sven P"]
[Black "Savory, Richard J"]
[Result "1-0"]
[WhiteElo "2190"]
[BlackElo "2104"]
[PlyCount "85"]
[EventDate "2004.09.18"]
[EventType "team"]
[EventRounds "11"]
[EventCountry "ENG"]
[SourceTitle "EXT 2006"]
[Source "ChessBase"]
[SourceDate "2005.11.24"]
[SourceVersion "1"]
[SourceVersionDate "2005.11.24"]
[SourceQuality "1"]
[WhiteTeam "SW Dragons"]
[BlackTeam "Micro Mark NWE II"]
[WhiteTeamCountry "ENG"]
[BlackTeamCountry "ENG"]

1. e4 c5 2. Nc3 Nc6 3. f4 g6 4. Nf3 Bg7 5. Bb5 Nd4 6. 0-0 Nxb5 7. Nxb5 d5 8. e5 a6 9. Nc3 Bg4 10. d4 cxd4 11. Qxd4 e6 12. Qb4 b5 13. Be3 Bf8 14. Bc5 Bxc5+ 15. Qxc5 Rb8 16. Qc6+ Qd7 17. Qxd7+ Kxd7 18. Ng5 Nh6 19. h3 b4 20. Nxd5 exd5 21. hxg4 Ke7 22. Rfd1 Rhc8 23. Rxd5 Rxc2 24. Rad1 Rb7 25. R5d2 Rbc7 26. Kf2 Nxg4+ 27. Ke2 h5 28. Nf3 f6 29. exf6+ Kxf6 30. Rxc2 Rxc2+ 31. Rd2 Rc6 32. Nd4 Rd6 33. Kd3 g5 34. fxg5+ Kxg5 35. Kc4 Ne3+ 36. Kxb4 Nc2+ 37. Kc5 Rxd4 38. Rxd4 Nxd4 39. Kxd4 Kf4 40. b4 Kg3 41. a4 h4 42. b5 axb5 43. a5 1-0

[Event "BCF-chT2 0304 (4NCL)"]
[Site "West Bromwich"]
[Date "2004.05.03"]
[Round "9.8"]
[White "Savory, Richard J"]
[Black "Wilson, Julie Christine"]
[Result "1-0"]
[WhiteElo "2096"]
[BlackElo "1720"]
[PlyCount "39"]
[EventDate "2003.11.17"]
[EventType "team"]
[EventRounds "11"]
[EventCountry "ENG"]
[SourceTitle "EXT 2005"]
[Source "ChessBase"]
[SourceDate "2004.11.15"]
[SourceVersion "1"]
[SourceVersionDate "2004.11.15"]
[SourceQuality "1"]
[WhiteTeam "Micro Mark NWE II"]
[BlackTeam "SW Dragons"]
[WhiteTeamCountry "ENG"]
[BlackTeamCountry "ENG"]

1. e4 e6 2. Nf3 d5 3. e5 c5 4. b4 cxb4 5. a3 Nc6 6. axb4 Bxb4 7. c3 Ba5 8. d4 Nge7 9. Bd3 Bd7 10. 0-0 Ng6 11. Ng5 Nce7 12. Qf3 0-0 13. Qh5 h6 14. Nh3 Be8 15. Bxh6 f5 16. exf6 Rxf6 17. Bg5 Rf8 18. Bxe7 Nxe7 19. Bh7+ Kh8 20. Bg6+ 1-0

[Event "BCF-chT2 0304 (4NCL)"]
[Site "West Bromwich"]
[Date "2004.03.21"]
[Round "6.6"]
[White "Savory, Richard J"]
[Black "Martin, Katie"]
[Result "1-0"]
[WhiteElo "2096"]
[BlackElo "1987"]
[PlyCount "39"]
[EventDate "2003.11.17"]
[EventType "team"]
[EventRounds "11"]
[EventCountry "ENG"]
[SourceTitle "EXT 2005"]
[Source "ChessBase"]
[SourceDate "2004.11.15"]
[SourceVersion "1"]
[SourceVersionDate "2004.11.15"]
[SourceQuality "1"]
[WhiteTeam "Micro Mark NWE II"]
[BlackTeam "Numerica 3CS II"]
[WhiteTeamCountry "ENG"]
[BlackTeamCountry "ENG"]

1. e4 e5 2. Nf3 Nf6 3. d4 Nxe4 4. Bd3 d5 5. Nxe5 Nd7 6. 0-0 Bd6 7. c4 c6 8. cxd5 cxd5 9. Nd2 Nxd2 10. Bxd2 0-0 11. Re1 Qc7 12. Rc1 Qb8 13. Re3 f6 14. Qh5 f5 15. Nxd7 Bxd7 16. Rh3 Rf6 17. Qxh7+ Kf7 18. Qh5+ Kf8 19. Qf3 Kf7 20. Bg5 1-0

[Event "BCF-chT2 0304 (4NCL)"]
[Site "West Bromwich"]
[Date "2004.01.17"]
[Round "3.6"]
[White "Savory, Richard J"]
[Black "Jackson, Adrian"]
[Result "0-1"]
[WhiteElo "2096"]
[BlackElo "2217"]
[PlyCount "86"]
[EventDate "2003.11.17"]
[EventType "team"]
[EventRounds "11"]
[EventCountry "ENG"]
[SourceTitle "EXT 2005"]
[Source "ChessBase"]
[SourceDate "2004.11.15"]
[SourceVersion "1"]
[SourceVersionDate "2004.11.15"]
[SourceQuality "1"]
[WhiteTeam "Micro Mark NWE II"]
[BlackTeam "Guildford II"]
[WhiteTeamCountry "ENG"]
[BlackTeamCountry "ENG"]

1. e4 c5 2. Nf3 d6 3. d4 cxd4 4. Nxd4 Nf6 5. Nc3 g6 6. Be3 Bg7 7. f3 Nc6 8. Qd2 0-0 9. Bc4 Bd7 10. 0-0-0 Rc8 11. Bb3 Ne5 12. g4 b5 13. Bh6 b4 14. Nd5 Nxd5 15. Bxd5 e6 16. Bxg7 Kxg7 17. Qxb4 exd5 18. Qxd6 Nc4 19. Qxd5 Ne3 20. Nf5+ Bxf5 21. Qxd8 Rfxd8 22. Rxd8 Rxd8 23. gxf5 gxf5 24. exf5 Kf6 25. Re1 Nxf5 26. c4 Rd3 27. c5 a5 28. Re4 Rd4 29. Kc2 Rxe4 30. fxe4 Ne7 31. Kd3 Ke5 32. b3 Nc6 33. a3 h5 34. Kc4 Kxe4 35. b4 axb4 36. axb4 f5 37. b5 Ne7 38. c6 f4 39. c7 f3 40. Kc5 f2 41. b6 f1Q 42. b7 Qc1+ 43. Kd6 Qc6+ 0-1